| Tag |
First Indicator |
Second Indicator |
Subfields |
| LEADER |
00000cam a2200000Ia 4500 |
| 001 |
in00002783360 |
| 005 |
20150922144805.0 |
| 008 |
120803s2012 maua b 001 0 eng d |
| 016 |
7 |
|
|a 016168738
|2 Uk
|
| 020 |
|
|
|a 9781612504766 (paperback)
|
| 020 |
|
|
|a 1612504760 (paperback)
|
| 020 |
|
|
|a 9781612504773
|
| 020 |
|
|
|a 1612504779
|
| 035 |
|
|
|a (OCoLC)ocn805893390
|
| 035 |
|
|
|a (OCoLC)805893390
|
| 040 |
|
|
|a HMG
|c HMG
|d OCLCO
|d UKMGB
|d CUY
|d YDXCP
|d BTCTA
|d BWX
|d UtOrBLW
|
| 043 |
|
|
|a n-us---
|
| 049 |
|
|
|a TXAM
|
| 050 |
|
4 |
|a LB1584
|b .M278 2012
|
| 245 |
0 |
0 |
|a Making civics count :
|b citizenship education for a new generation /
|c edited by David E. Campbell, Meira Levinson, and Frederick M. Hess.
|
| 264 |
|
1 |
|a Cambridge, Mass. :
|b Harvard Education Press,
|c 2012.
|
| 300 |
|
|
|a vi, 320 pages :
|b illustrations ;
|c 23 cm.
|
| 336 |
|
|
|a text
|b txt
|2 rdacontent
|
| 337 |
|
|
|a unmediated
|b n
|2 rdamedia
|
| 338 |
|
|
|a volume
|b nc
|2 rdacarrier
|
| 650 |
|
0 |
|a Civics
|x Study and teaching
|z United States.
|
| 650 |
|
0 |
|a Citizenship
|x Education
|z United States.
|
| 700 |
1 |
|
|a Campbell, David E.,
|d 1971-
|
| 700 |
1 |
|
|a Levinson, Meira.
|
| 700 |
1 |
|
|a Hess, Frederick M.
|
| 938 |
|
|
|a Baker and Taylor
|b BTCP
|n BK0012237510
|
| 938 |
|
|
|a YBP Library Services
|b YANK
|n 9675245
|
| 938 |
|
|
|a Blackwell Book Service
|b BBUS
|n 9675245
|
| 947 |
|
|
|a A14835932124
|
| 945 |
|
|
|a PromptCat
|b 99175
|
| 946 |
|
|
|a stk
|
| 994 |
|
|
|a 92
|b TXA
|
| 948 |
|
|
|a Cataloged
|b h
|c 2012/11/21
|d c
|e EGrant
| f 3:28:12 PM
|
| 999 |
|
|
|a MARS
|
| 999 |
f |
f |
|s 0aeff77e-60fe-38aa-9634-35f27c0cd2cb
|i e8ad2b06-861d-37e6-8c67-bde345f3bfee
|t 0
|
| 952 |
f |
f |
|p normal
|a Texas A&M University
|b College Station
|c Sterling C. Evans Library
|s Evans stk
|d Evans: Library Stacks
|t 0
|e LB1584 .M278 2012
|h Library of Congress classification
|i unmediated -- volume
|m A14835932124
|
| 998 |
f |
f |
|a LB1584 .M278 2012
|t 0
|l Evans: Library Stacks
|